| 000 | 00454nam a22001577i 4500 | ||
|---|---|---|---|
| 050 | 1 | 4 |
_aHF 5635 _bP26 |
| 100 | _aPasion, D.S. | ||
| 245 |
_aIntroductory accounting _cD.S. Pasion |
||
| 264 | 1 |
_aQuezon City: _bPhoenix publishing, _c1990. |
|
| 300 |
_av, 284 pages; _bpart 1, part II _c26 cm. |
||
| 336 |
_atext _btxt _2rdacontent |
||
| 337 |
_aunmediated _bn _2rdamedia |
||
| 338 |
_avolume _bnc _2rdacarrier |
||
| 650 | _a1.accounting. Pasion, W.T. | ||
| 942 | _cF | ||
| 999 |
_c3988 _d3988 |
||